000 00635nam a2200157Ia 4500
005 20260225135612.0
008 260225s9999 xx 000 0 und d
020 _a9781843760368
082 _a338.74
_bSTE
100 _aSteinberg, Richard
245 0 _aThe Economics of Nonprofit Enterprises /
_cSteinberg, Richard
260 _bEdward Elgar Publishing,
_c2004
520 _aFor this collection, Richard Steinberg has selected some of the most important previously published articles which illustrate the development of research on nonprofit organisations.
650 _aAssociations sans but lucratif - Gestion
942 _cENGLISH
999 _c615574
_d615574